Economía : microeconomía y macroeconomía / (Record no. 170579)
[ view plain ]
| 000 -CABECERA | |
|---|---|
| campo de control de longitud fija | 01286nam a2200385Ia 4500 |
| 001 - NÚMERO DE CONTROL | |
| campo de control | dia_149 |
| 003 - IDENTIFICADOR DEL NÚMERO DE CONTROL | |
| campo de control | CHAP |
| 005 - FECHA Y HORA DE LA ÚLTIMA TRANSACCIÓN | |
| campo de control | 20221208131241.0 |
| 008 - DATOS DE LONGITUD FIJA--INFORMACIÓN GENERAL | |
| campo de control de longitud fija | 220117s1987 xx 000 0 und d |
| 010 ## - NÚMERO DE CONTROL DE LA BIBLIOTECA DEL CONGRESO | |
| Número de control de LC | 170579 |
| 020 ## - NÚMERO INTERNACIONAL ESTÁNDAR DEL LIBRO | |
| Número Internacional Estándar del Libro | 968-422-249-1 |
| 040 ## - FUENTE DE LA CATALOGACIÓN | |
| Centro/agencia transcriptor | CHAP |
| 082 ## - NÚMERO DE LA CLASIFICACIÓN DECIMAL DEWEY | |
| Número de clasificación | 330 D67 1987 |
| 100 ## - ENTRADA PRINCIPAL--NOMBRE DE PERSONA | |
| Nombre de persona | Dornbusch, Rudiger |
| 9 (RLIN) | 34022 |
| 245 ## - MENCIÓN DE TÍTULO | |
| Título | Economía : microeconomía y macroeconomía / |
| Mención de responsabilidad, etc. | Rudiger Dornbusch, Stanley Fischer y Roger Le Roy Miller ; traducción Stella de Calvo |
| 260 ## - PUBLICACIÓN, DISTRIBUCIÓN, ETC. | |
| Lugar de publicación, distribución, etc. | México : |
| Nombre del editor, distribuidor, etc. | McGraw-Hill, |
| Fecha de publicación, distribución, etc. | 1987 |
| 300 ## - DESCRIPCIÓN FÍSICA | |
| Extensión | 4 v. |
| 500 ## - NOTA GENERAL | |
| Nota general | Título original: Intermediate microeconomics: theories, issues and applications macroeconomics |
| 503 ## - NOTA DE HISTORIA BIBLIOGRÁFICA (BK CF MU) [OBSOLETO] | |
| Nota de historia bibliográfica | I.144347 (4 ej.) |
| 504 ## - NOTA DE BIBLIOGRAFÍA, ETC. | |
| Nota de bibliografía, etc. | Incluye bibliografías |
| 590 ## - NOTA LOCAL (RLIN) | |
| Nota local | HB172 D67 1987 |
| 650 ## - PUNTO DE ACCESO ADICIONAL DE MATERIA--TÉRMINO DE MATERIA | |
| Término de materia o nombre geográfico como elemento de entrada | Economía |
| 9 (RLIN) | 35226 |
| 650 ## - PUNTO DE ACCESO ADICIONAL DE MATERIA--TÉRMINO DE MATERIA | |
| Término de materia o nombre geográfico como elemento de entrada | Economics |
| 9 (RLIN) | 147354 |
| 650 ## - PUNTO DE ACCESO ADICIONAL DE MATERIA--TÉRMINO DE MATERIA | |
| Término de materia o nombre geográfico como elemento de entrada | Macroeconomía |
| 9 (RLIN) | 69550 |
| 650 ## - PUNTO DE ACCESO ADICIONAL DE MATERIA--TÉRMINO DE MATERIA | |
| Término de materia o nombre geográfico como elemento de entrada | Macroeconomics |
| 9 (RLIN) | 147355 |
| 650 ## - PUNTO DE ACCESO ADICIONAL DE MATERIA--TÉRMINO DE MATERIA | |
| Término de materia o nombre geográfico como elemento de entrada | Microeconomía |
| 9 (RLIN) | 75508 |
| 650 ## - PUNTO DE ACCESO ADICIONAL DE MATERIA--TÉRMINO DE MATERIA | |
| Término de materia o nombre geográfico como elemento de entrada | Microeconomics |
| 9 (RLIN) | 147356 |
| 700 ## - PUNTO DE ACCESO ADICIONAL--NOMBRE DE PERSONA | |
| Nombre de persona | Calvo, Stella de, tr. |
| 9 (RLIN) | 147357 |
| 700 ## - PUNTO DE ACCESO ADICIONAL--NOMBRE DE PERSONA | |
| Nombre de persona | Fisher, Stanley, coaut. |
| 9 (RLIN) | 147358 |
| 700 ## - PUNTO DE ACCESO ADICIONAL--NOMBRE DE PERSONA | |
| Nombre de persona | Le Roy Miller, Roger, coaut. |
| 9 (RLIN) | 147359 |
| 901 ## - ELEMENTOS DE DATOS A LOCAL LDA (RLIN) | |
| a | 330 D67 1987 |
| 902 ## - ELEMENTOS DE DATOS B LOCAL, LDB (RLIN) | |
| a | M |
| 905 ## - ELEMENTOS DE DATOS E LOCAL, LDE (RLIN) | |
| a | 5222271987 mx mn 8222223322spa16 |
| 942 ## - ELEMENTOS DE PUNTO DE ACCESO ADICIONAL (KOHA) | |
| Tipo de ítem Koha | Libro |
| Fuente del sistema de clasificación o colocación | Dewey Decimal Classification |
| Estado de retiro | Estado de pérdida | Fuente del sistema de clasificación o colocación | Estado dañado | Restricciones de uso | No para préstamo | Código de colección | Localización permanente | Ubicación/localización actual | Fecha de adquisición | Fuente de adquisición | Coste, precio normal de compra | Enumeración/cronología de publicación seriada | Número de inventario | Total de préstamos | Signatura topográfica completa | Código de barras | Fecha visto por última vez | Fecha del último préstamo | Número de copia | Tipo de ítem Koha |
|---|---|---|---|---|---|---|---|---|---|---|---|---|---|---|---|---|---|---|---|---|
| Dewey Decimal Classification | Préstamo interno | General | Ingenieria Agroindustrial | Ingenieria Agroindustrial | 02/02/1989 | Compra AMAT F. 4785 / Res. 21949 (2-Feb-1989) | 50000.00 | Volumen: 4 | 144347 | 1 | 330 D67 1987 V.4 | dia_002930 | 20/05/2024 | 20/05/2024 | Ej. 1 | Libro | ||||
| Dewey Decimal Classification | Préstamo interno | General | Ingenieria Agroindustrial | Ingenieria Agroindustrial | 02/02/1989 | Compra AMAT F. 4785 / Res. 21949 (2-Feb-1989) | 50000.00 | Volumen: 1 | 144347 | 330 D67 1987 V.1 | dia_002927 | 18/01/2022 | Ej. 1 | Libro | ||||||
| Dewey Decimal Classification | Préstamo interno | General | Ingenieria Agroindustrial | Ingenieria Agroindustrial | 02/02/1989 | Compra AMAT F. 4785 / Res. 21949 (2-Feb-1989) | 50000.00 | Volumen: 2 | 144347 | 1 | 330 D67 1987 V.2 | dia_002928 | 24/04/2024 | 24/04/2024 | Ej. 1 | Libro | ||||
| Dewey Decimal Classification | Préstamo interno | General | Ingenieria Agroindustrial | Ingenieria Agroindustrial | 02/02/1989 | Compra AMAT F. 4785 / Res. 21949 (2-Feb-1989) | 50000.00 | Volumen: 3 | 144347 | 1 | 330 D67 1987 V.3 | dia_002929 | 14/10/2024 | 14/10/2024 | Ej. 1 | Libro |
